000 00402nam a2200169Ia 4500
008 180207s9999 xx 000 0 und d
020 _a9781592770663
050 _bA678 2011
245 _aAre you my mommy? /
260 _aUSA :
260 _bThe Clever Factory Inc,
260 _c2011
300 _aunpaged :
300 _bcolor illustrations ;
300 _c14cm.
440 _aTab & texture.
999 _c355849
_d355849